Journal of Retail and Leisure Property (Record no. 118732)

MARC details
000 -LEADER
fixed length control field 00841cas a22002055a 4500
001 - CONTROL NUMBER
control field ##L109965
008 - FIXED-LENGTH DATA ELEMENTS--GENERAL INFORMATION
fixed length control field 070612c2003 xxkqr p 0 a0eng u
022 1# - INTERNATIONAL STANDARD SERIAL NUMBER
International Standard Serial Number 1479-1110
035 ## - SYSTEM CONTROL NUMBER
System control number (Sirsi) u109965
041 0# - LANGUAGE CODE
Language code of text/sound track or separate title eng
245 00 - TITLE STATEMENT
Title Journal of Retail and Leisure Property
260 00 - PUBLICATION, DISTRIBUTION, ETC.
Place of publication, distribution, etc. London
Name of publisher, distributor, etc. Henry Stewart Publications
Date of publication, distribution, etc. 2003-
362 ## - DATES OF PUBLICATION AND/OR SEQUENTIAL DESIGNATION
Dates of publication and/or sequential designation 3(1) June 2003-
651 #4 - SUBJECT ADDED ENTRY--GEOGRAPHIC NAME
Geographic name United Kingdom
690 ## - LOCAL SUBJECT ADDED ENTRY--TOPICAL TERM (OCLC, RLIN)
Topical term or geographic name as entry element PROPERTY-COMMERCIAL PROPERTY
780 00 - PRECEDING ENTRY
Title Journal of Leisure Property
International Standard Serial Number 1471-549X
856 48 - ELECTRONIC LOCATION AND ACCESS
Uniform Resource Identifier <a href="https://www.rics.org/profession-standards/knowledge-and-information-services">https://www.rics.org/profession-standards/knowledge-and-information-services</a>
Public note How to access eJournals
856 48 - ELECTRONIC LOCATION AND ACCESS
Uniform Resource Identifier <a href="https://search.ebscohost.com/login.aspx?direct=true&AuthType=uid&db=plh&jid=Q0A&site=eds-live">https://search.ebscohost.com/login.aspx?direct=true&AuthType=uid&db=plh&jid=Q0A&site=eds-live</a>
Public note Use your RICS Knowledge Hub Login to access or use 'How to access ejournals' link for more information
942 ## - ADDED ENTRY ELEMENTS (KOHA)
Suppress in OPAC 0
Source of classification or shelving scheme Dewey Decimal Classification
Holdings
Withdrawn status Lost status Source of classification or shelving scheme Damaged status Not for loan Home library Current library Shelving location Date acquired Total Checkouts Full call number Barcode Date last seen Price effective from Koha item type
    Dewey Decimal Classification     London London Gallery 14/12/2000   JOURNAL OF RETAIL AND LEISURE PROPERTY 109965-1001 06/08/2019 06/08/2019 Journal
    Dewey Decimal Classification     Virtual Virtual Online 05/07/2007   ONLINE JOURNAL via EBSCO 109965-2001 21/06/2023 06/08/2019 Journal